000 01054nam a22002177a 4500
999 _c59749
_d59749
003 Ge_BSU
005 20230410143952.0
008 230410s1992 ge ||||| |||| 00| 0 geo d
041 _ageo
080 _a930.2:003.071(=411.17) წ-39
100 _aწერეთელი, კონსტანტინე
_917582
245 _aშენიშვნები არმაზის ბილინგვის არამეულ ტექსტზე /
_cსაქ. მეცნ. აკად., აღმოსავლეთმც. ინ-ტი.
264 _aთბილისი :
_bმეცნიერება,
_c1992.
300 _a119 გვ. ;
_b21 სმ.
500 _a პარალ. ტექსტი რუს.
504 _a ბიბლიოგრ.: გვ. 115-118.
653 _aარმაზის ბილინგვა
653 _aარამეული ტექსტი
710 _aსაქ. მეცნ. აკად., აღმოსავლეთმც. ინ-ტი.
_917583
942 _2udc
_cBK